| 000 | 003970000a22001570004500 | ||
|---|---|---|---|
| 003 | LK-CoMWRAF | ||
| 005 | 20240211053121.0 | ||
| 008 | 230817t ||||| |||| 00| 0 eng d | ||
| 040 |
_aLK-CoMWRAF _dLK-CoMWRAF _eLK-CoMWRAF |
||
| 041 | _aeng | ||
| 082 | _bEDU | ||
| 245 |
_aEducation in Sri Lanka : _bNew horizons |
||
| 260 |
_aSri Lanka : _bMinistry of Education, |
||
| 300 | _a39 p. | ||
| 942 | _cBK | ||
| 999 |
_c1731 _d1731 |
||